| 000 | 01407 a2200397 4500 | ||
|---|---|---|---|
| 001 | 200436681 | ||
| 003 | TR-AnTOB | ||
| 005 | 20260120170139.0 | ||
| 008 | 191121s2007 tu a 00110 tur d | ||
| 020 | _a9789754205343 | ||
| 020 | _a9754205345 | ||
| 040 |
_aGAZIU _beng _erda _cTR-AnTOB |
||
| 041 | 1 |
_atur _heng |
|
| 049 | _aMAIN | ||
| 060 | 1 | 0 |
_aQV 17 _bR136n 2007 |
| 096 |
_aQV17 _bR136n 2007 |
||
| 100 | 1 |
_aRaffa, Robert B. _9126183 |
|
| 240 | 1 | 0 |
_aNetter's illustrated pharmacology. _lTurkish. |
| 245 | 1 | 0 |
_aNetter'in resimli farmakolojisi / _cRobert B. Raffa, Scott M. Rawls, Elena Portyansky Beyzarov ; Illustrations by, Frank H. Netter ; Contributing Illustrators, James A. Perkins ... [ve başkaları] ; çeviren, Prof. Dr. Mehmet İsbir. |
| 246 | 3 | 0 | _aResimli farmakolojisi. |
| 264 | 1 |
_aİstanbul : _bNobel Tıp Kitabevi, _c2007. |
|
| 300 |
_axxviii, 411 pages : _billustrations ; _c28 cm |
||
| 336 |
_atext _btxt _2rdacontent |
||
| 337 |
_aunmediated _bn _2rdamedia |
||
| 338 |
_avolume _bnc _2rdacarrier |
||
| 500 | _aIncludes index. | ||
| 650 | 2 |
_aDrug Therapy _9109709 |
|
| 650 | 2 |
_aPharmacology, Clinical _9126184 |
|
| 655 | 2 |
_aAtlas _9143319 |
|
| 700 | 1 |
_aRawls, Scott M. _9151951 |
|
| 700 | 1 |
_aBeyzarov, Elena Portyansky _9151952 |
|
| 700 | 1 |
_aNetter, Frank H. _q(Frank Henry), _d1906-1991 _995129 |
|
| 700 | 1 |
_aİsbir, Mehmet _9151953 |
|
| 942 |
_2NLM _cBK |
||
| 999 |
_c200436681 _d54893 |
||